| 000 | 00473cam a2200169ua 4500 | ||
|---|---|---|---|
| 020 | _a0 87 201 330 8 | ||
| 041 |
_aeng _h |
||
| 082 |
_a028.71620 _bHSU/ST |
||
| 100 | _aHsu, Teng H . | ||
| 245 |
_aStructural engineering and applied mechanics data handbook :frames vol-2 / _cTeng H Hsu. _hTextual Documents |
||
| 250 |
_a1 / _b. |
||
| 260 |
_aLondon : _bGulf Publishing Company , _c1989. |
||
| 300 | _a536 ; . | ||
| 504 | _a | ||
| 942 | _cBK | ||
| 999 |
_c5942 _d5942 |
||